Największe Rzeki Polskie - Statystyki

Ogólne statystyki
  • Ten quiz został rozwiązany 462 razy
  • Średni wynik to 8 z 15
Statystyki odpowiedzi
Rzeki % Poprawnych
Wisła
99%
Odra
98%
Warta
90%
Bug
87%
San
71%
Narew
68%
Noteć
60%
Wieprz
60%
Dunajec
55%
Nysa Łużycka
47%
Bóbr
43%
Wkra
26%
Łyna
19%
Plica
4%
Bdra
2%
Nie znaleziono quizów pasujących do podanych kryteriów
Rozkład punktacji
Procent ludzi z każdym wynikiem
Percentyl według liczby udzielonych odpowiedzi
Twoja historia wyników
Nie rozwiązałeś tego quizu